Wales Cities - Statistics

General Stats
  • This quiz has been taken 39 times
  • The average score is 5 of 6
Answer Stats
Population Answer % Correct
361,468 (Capital) Cardiff
100%
244,500 Swansea
97%
1,841 St. Davids
80%
149,100 Newport
77%
18,810 Bangor
70%
3,355 St. Asaph
63%
No matching quizzes found
Score Distribution
Percent of People with Each Score
Percentile by Number Answered
Your Score History
You have not taken this quiz